00420nam a2200181Ia 4500003000400000005001700004006001900021007000300040008004100043024000900084037001200093040002000105041001300125082001900138100001800157245005400175260000900229OSt20220928135945.0a|||||r|||| 00| 0 ta220927b |||||||| |||| 00| 0 eng d a5690 cTextual aSDCLcSDCLbeng 2engaeng aO-,2J64:gL, L0 aRitson Joseph 0aCursory criticisms on the edition of Shakespeare. c1970